Zavádzanie controllingu do praxe (výhody a nevýhody controllingu)

Controlling ako podsystém riadenia podniku. Podstata ekonomického riadenia podniku. Úloha operatívneho controllingu. Výhody použitia controllingu v podniku. Používane nástroje a pojmy. Nevýhody controllingu.

Enregistré dans:
Détails bibliographiques
Auteur principal: Bobáková, Viktória
Format: Chapitre de livre
Langue:slovaque
Sujets:
Tags: Ajouter un tag
Pas de tags, Soyez le premier à ajouter un tag!

MARC

LEADER 00000naa a2200000 4500
001 r046529
005 20231002104116.7
041 0 |a slo 
044 |a CZ 
245 1 0 |a Zavádzanie controllingu do praxe (výhody a nevýhody controllingu)  |c Viktória Bobáková 
520 |a Controlling ako podsystém riadenia podniku. Podstata ekonomického riadenia podniku. Úloha operatívneho controllingu. Výhody použitia controllingu v podniku. Používane nástroje a pojmy. Nevýhody controllingu. 
610 2 0 |a kontroling 
610 2 0 |a riadenie podnikové 
610 2 0 |a systémy riadenia 
610 2 0 |a zisk 
610 2 0 |a efektívnosť 
610 2 0 |a prostredie ekonomické 
610 2 0 |a podnik 
100 1 |a Bobáková, Viktória